Missing Word: Steve Miller Band A-Z Quiz Stats

 Plays Quiz Updated Jun 29, 2018

Challenge
Share
Tweet
Embed
Score 0/24 Timer 05:00
0 Plays Today
Song Title Missing Word % Correct
Dance, Dance, ______Dance
96.5%
Fly Like an ______Eagle
96.5%
Brave ______ WorldNew
94.8%
Take the ______ and RunMoney
92%
I Want to Make the World Turn ______Around
90.8%
______ AirlinerJet
85.6%
______ Saving GraceYour
78%
Jungle ______Love
73.7%
______ CowboySpace
51.8%
Living in the ______USA
42.9%
Winter ______Time
38.6%
Heart Like a ______Wheel
31.6%
Song Title Missing Word % Correct
______ Military Complex HexIndustrial
29.5%
Wild Mountain ______Honey
25.2%
Mercury ______Blues
23.8%
______ WorldPerfect
21.3%
Going to the ______Country
20.4%
______ of LoveGangster
20.2%
True ______ LoveFine
17.9%
Wide ______River
14.9%
Jackson ______ BluesKent
11.2%
______ GirlQuicksilver
6.3%
Sweet Soul ______Vibe
6%
Blue ______Odyssey
4.8%

Today's Daily Dose

Missing Word
'F' Pairs

Word Ladder
Mixed Synonyms

On This Day
August 15th II

You're not logged in!

Compare scores with friends on all Sporcle quizzes.
Join for Free
OR
Log In

You Might Also Like...

Show Comments

Extras

Top Quizzes Today


Score Distribution

Your Account Isn't Verified!

In order to create a playlist on Sporcle, you need to verify the email address you used during registration. Go to your Sporcle Settings to finish the process.

Report this User

Report this user for behavior that violates our Community Guidelines.

Details: